00510 2200169 4500245007500000020002200075100002900097700001900126650003000145005001900175260003700194041001400231084001200245300002200257500005200279336000900331 aUlysses Moore b : Misteri di LabirincBaccalario, PierdomenicohText a978-602-467-336-9 aBaccalario, Pierdomenico aShelomi Angeli aCerita petualangan Italia a20230109104124 aJakartabErlangga for Kidsc2019 aIndonesia a873.087 a272 hlm. :cillus aJudul asli : Ulysses Moore Il Labirinto D'ombra atext